Statistics for Top 12 Dallas Mavericks Players

Click here to take the quiz!

General Stats

  • This quiz has been taken 333 times
    (110 since last reset)
  • The average score is 6 of 12

Answer Stats

RankPlayerWin Share% Correct
1Dirk Nowitzki206.3
100%
12Jason Kidd39.0
91%
7Luka Dončić51.2
91%
10Steve Nash42.7
79%
4Jason Terry60.5
68%
2Rolando Blackman70.3
49%
8Mark Aguirre49.0
48%
5Michael Finley58.4
43%
3Derek Harper65.8
29%
6Brad Davis52.1
14%
11Sam Perkins41.8
14%
9Dwight Powell46.2
10%

Score Distribution

Percentile by Number Answered

Percent of People with Each Score

Your Score History

You have not taken this quiz since the last reset